Chopin International Piano Competition Winners - Statistics

General Stats
  • This quiz has been taken 179 times
    19 since last reset
  • The average score is 9 of 18
Answer Stats
Year Winner Country % Correct
2025 Eric Lu USA
78%
1965 Martha Argerich Argentina
78%
2021 Bruce Liu Canada
72%
1975 Krystian Zimerman Poland
72%
2015 Seong-Jin Cho South Korea
72%
1980 Dang Thai Son Vietnam
61%
2000 Yundi Li China
61%
1970 Garrick Ohlsson USA
56%
2010 Yulianna Avdeeva Russia
56%
1960 Maurizio Pollini Italy
50%
2005 Rafał Blechacz Poland
50%
1955 Adam Harasiewicz Poland
28%
1932 Alexander Uninsky USSR
28%
Halina Czerny-Stefańska Poland
28%
1927 Lev Oborin USSR
28%
1949 Bella Davidovich USSR
22%
1985 Stanislav Bunin USSR
22%
1937 Yakov Zak USSR
22%
No matching quizzes found
Score Distribution
Percent of People with Each Score
Percentile by Number Answered
Your Score History
You have not taken this quiz since the last reset